01403nam a2200349Ia 4500001000700000003000500007008004100012010001100053040000900064090001700073100004100090245015700131260004100288300001000329502007600339650003500415650003700450650003700487650004400524650002900568650004000597650002800637700004100665901001700706902000600723910000900729942000600738942000600744999001900750952014200769952014200911Z_2078CHAP220113s1996 xx 000 0 und d a165151 cCHAP aTesis S 1090 aSantiago Vera, Marco Antonio9102400 aEstado mineral de ganado bovino y de zacates estrella y guinea en Tepetzintla, Veracruz /cpor Marco Antonio Santiago Vera y Sergio Gerardo de la Cruz aChapingo, Méx. :bEl autor,c1996 a91 h. aTesis (Ing. Agr. Esp. en Zootecnia) -- UACH. Departamento de Zootecnia aCynodon plectostachyus 930802 aGanado vacunoxPastoreo 945502 aGanado vacunoxVeracruz 9137839 aMinerales en nutrición animal 975937 aPanicum maximun 9139187 aPastosxElementos minerales 986023 aPastosxVeracruz986088 aGerardo de la Cruz, Santiago9139188 aTESIS S 1090 aM a1996 c2 c2 c165151d165151 00102local4051708TESISaZbZd2005-11-09eEl autorl0oTesis S26 1090 1996p5101001654r2022-01-18 00:00:00tEj.1w2022-01-18yTESIS 00102local4055708TESISaZbZd2005-11-09eEl autorl0oTesis S26 1090 1996p5101001655r2022-01-18 00:00:00tEj.2w2022-01-18yTESIS